000 00371nam a2200133Ia 4500
008 220217s9999||||xx |||||||||||||| ||und||
020 _a81-7808-138-5
082 _a005.133 SUN
100 _aSunderraman, Rajshekhar
_91347
245 0 _aOracle8 programming aprimer
260 _aAddison Wesley
_bCalifornia
_c2000
300 _b165
650 _aPROGRAMMING LANGUAGE
999 _c166246
_d166246